Správa o poľnohospodárstve a potravinárstve v Slovenskej republike 2004 (stav za rok 2003) (Zelená správa)

Guardado en:
Detalles Bibliográficos
Autor Corporativo: Ministerstvo pôdohospodárstva a rozvoja vidieka Slovenskej republiky
Formato: Libro
Lenguaje:eslovaco
Publicado: Nové Zámky CROCUS 2004
Materias:
Etiquetas: Agregar Etiqueta
Sin Etiquetas, Sea el primero en etiquetar este registro!

MARC

LEADER 00000nam$a2200000$$$4500
001 0025781
005 20240318125902.7
020 |a 80-88992-76-1 
041 0 |a slo 
044 |a SK 
245 1 0 |a Správa o poľnohospodárstve a potravinárstve v Slovenskej republike 2004 (stav za rok 2003)  |b (Zelená správa) 
264 1 |a Nové Zámky  |b CROCUS  |c 2004 
300 |a 254 s. 
610 2 0 |a poľnohospodárstvo 
610 2 0 |a potravinárstvo 
610 2 0 |a pôda 
610 2 0 |a kapitál 
610 2 0 |a zdroje ľudské 
610 2 0 |a výroba 
610 2 0 |a potraviny 
610 2 0 |a trh práce 
610 2 0 |a výsledok hospodársky 
610 2 0 |a vývoj cenový 
610 2 0 |a obchod zahraničný 
610 2 0 |a konkurencieschopnosť 
610 2 0 |a porovnanie medzinárodné 
610 2 0 |a prostredie životné 
610 2 0 |a podnikanie 
610 2 0 |a listy podielové 
610 2 0 |a správa štátna 
610 2 0 |a veda 
610 2 0 |a informatika 
610 2 0 |a politika poľnohospodárska 
610 2 0 |a pozemky 
610 2 0 |a reštitúcia 
610 2 0 |a podpora podnikania 
610 2 0 |a spolupráca medzinárodná 
610 2 0 |a Slovensko 
610 2 0 |a Európska únia 
710 2 |a Ministerstvo pôdohospodárstva a rozvoja vidieka Slovenskej republiky